00466nam a22001457a 4500008004100000020001800041041000800059080001100067100001900078245012300097260003700220300002100257650001100278700003100289150608b xxu||||| |||| 00| 0 eng d a97800716360940 aeng a658.851 aBacal, Robert.14aThe complete book of perfect phrases for high performing sales professionals /cby Robert Bacal and William T. Brooks. aNew York :bMcGraw-Hill,cc2010. a719 f. ;c21 cm. 0aShitje1 aBrooks, William T.,d1945-